Największe Państwa świata A-Z - Statystyki

Ogólne statystyki
  • Ten quiz został rozwiązany 30 razy
  • Średni wynik to 21 z 22
Statystyki odpowiedzi
Obrazkowy Odpowiedź % Poprawnych
Argentyna
100%
Brazylia
100%
Chiny
100%
Egipt
100%
Francja
100%
Rosja
100%
Indie
96%
Japonia
96%
Kazachstan
96%
Meksyk
96%
Turcja
96%
Wenezuela
96%
Demokratyczna republika konga
92%
Nigeria
92%
Oman
92%
Pakistan
92%
Honduras
88%
Uzbekistan
88%
Gwatemala
83%
Libia
83%
Sudan
83%
Zambia
83%
Nie znaleziono quizów pasujących do podanych kryteriów
Rozkład punktacji
Procent ludzi z każdym wynikiem
Percentyl według liczby udzielonych odpowiedzi
Twoja historia wyników
Nie rozwiązałeś tego quizu